Miasta w województwie opolskim - Statystyki

Ogólne statystyki
  • Ten quiz został rozwiązany 54 razy
  • Średni wynik to 5 z 7
Statystyki odpowiedzi
Miasto Liczba ludności % Poprawnych
Opole 126 458
100%
Kędzierzyn-Koźle 55 172
86%
Nysa 41 205
80%
Brzeg 33 768
78%
Kluczbork 22 258
78%
Prudnik 19 251
64%
Strzelce Opolskie 17 147
62%
Nie znaleziono quizów pasujących do podanych kryteriów
Rozkład punktacji
Procent ludzi z każdym wynikiem
Percentyl według liczby udzielonych odpowiedzi
Twoja historia wyników
Nie rozwiązałeś tego quizu